00892nam a2200253Ia 4500001000900000003000500009005001700014008004100031010001100072020001800083040000900101082002000110245016900130260004300299300001600342500009400358503001300452504002800465650002800493650003300521700002000554700004000574700002400614dia_3565CHAP20250127125816.0220117s2000 xx 000 0 und d a174023 a84-200-0920-2 cCHAP a660.62 M53 2000 aMicrobiologia industrial : los microorganismos de interés industrial /c coordinación J.-Y. Leveau y M. Bouix ; traducción Francisco Javier Carballo García aZaragoza, España :b Acribia,c2000 axii, 595 p. aTítulo original: Microbiologie industrielle : les micro-organismes d'interet industriel aI.233835 aIncluye bibliografías aIndustrial microbiology aMicrobiología industrial  aBouix, M., ed.  aCarballo García, Francisco Javier aLeveau, J. Y., ed.